Top 12 San Antonio Spurs Players - Statistics

General Stats
  • This quiz has been taken 516 times
    439 since last reset
  • The average score is 7 of 12
Answer Stats
Rank Player Win Share % Correct
1 Tim Duncan 206.4
99%
3 Tony Parker 110.4
97%
5 Manu Ginobili 106.4
96%
2 David Robinson 178.7
94%
7 Kawhi Leonard 56.3
90%
4 George Gervin 107.4
78%
10 LaMarcus Aldridge 42.8
53%
9 Avery Johnson 47.3
40%
8 Sean Elliott 54.3
35%
11 Artis Gilmore 40.2
30%
6 James Silas 57.9
17%
12 Larry Kenon 37.4
11%
No matching quizzes found
Score Distribution
Percent of People with Each Score
Percentile by Number Answered
Your Score History
You have not taken this quiz since the last reset